Online
Catalog

Vargas, albacea de la angustia. / (Record no. 36517)

MARC details
000 -CABECERA
campo de control de longitud fija 00466nam a2200157 a 4500
001 - NÚMERO DE CONTROL
campo de control 000037027
005 - FECHA Y HORA DE LA ÚLTIMA TRANSACCIÓN
campo de control 20200930080107.0
008 - DATOS DE LONGITUD FIJA--INFORMACIÓN GENERAL
campo de control de longitud fija 120209s1960 ve 000 0 spa d
040 ## - FUENTE DE LA CATALOGACIÓN
Centro catalogador/agencia de origen DO-SdBNP
Lengua de catalogación spa
Centro/agencia transcriptor BNPHU
082 ## - NÚMERO DE LA CLASIFICACIÓN DECIMAL DEWEY
Número de clasificación xxxx
Número de documento/Ítem B641
100 1# - ENTRADA PRINCIPAL--NOMBRE DE PERSONA
Nombre de persona Blanco, Andres Eloy
9 (RLIN) 39365
245 10 - MENCIÓN DE TÍTULO
Título Vargas, albacea de la angustia. /
Mención de responsabilidad, etc. Andres Eloy Blanco.
260 ## - PUBLICACIÓN, DISTRIBUCIÓN, ETC.
Lugar de publicación, distribución, etc. Venezuela :
Nombre del editor, distribuidor, etc. Editorial Cordillera,
Fecha de publicación, distribución, etc. 1960.
300 ## - DESCRIPCIÓN FÍSICA
Extensión 219 p. ;
Dimensiones 18 cm.
500 ## - NOTA GENERAL
Nota general Primera edición 1947
Holdings
Estado de retiro Estado de pérdida Restricciones de uso No para préstamo Localización permanente Ubicación/localización actual Ubicación en estantería Fecha de adquisición Número de inventario Total de préstamos Signatura topográfica completa Código de barras Fecha visto por última vez Precio válido a partir de Tipo de ítem Koha
      Excluido de préstamo General General En catalogación 28.02.2012 LF1   xxxx B641 37027-10 25.06.2020 25.06.2020 No se presta

Powered by Koha